{"text_format":"3","workbook":"xlsx","n_sheets":3,"sheets":["Table 1","Table 2","Table 3"],"not_rendered":{"images":1},"read":"whole","date_system":"1900"}

{"sheet":"Table 1","index":0,"n_rows":1,"n_cols":3,"rows_kept":1}
["HOSPITAL HONDO VALLE\nALMACEN DE MATERIALES DE LIMPIEZA MES DE JULIO","AND 2025","INFORME MENSUAL"]

{"sheet":"Table 2","index":1,"n_rows":28,"n_cols":11,"rows_kept":28,"merged":[[0,0,0,1],[0,9,0,10],[1,0,1,1],[1,9,1,10],[2,0,2,1],[3,0,3,1],[4,0,4,1],[5,0,5,1],[6,0,6,1],[7,0,7,1],[8,0,8,1],[8,9,8,10],[9,0,9,1],[10,0,10,1],[11,0,11,1],[12,0,12,1],[13,0,13,1],[13,9,13,10],[14,0,14,1],[15,0,15,1],[15,4,16,4],[15,9,15,10],[16,0,16,1],[16,9,16,10],[17,0,17,1],[17,9,17,10],[18,0,18,1],[19,0,19,1],[20,0,20,1],[21,0,21,1],[22,0,22,1],[23,0,23,1],[23,9,23,10],[24,0,24,1],[24,9,24,10],[25,0,25,1],[25,9,25,10],[26,0,26,1],[26,9,26,10]]}
["BIEN",null,"UNIDAD DE\nMEDIDA","extsrzucm\nANTERIOR","ENTRADA","exisrmcm\nF|NAL","TOTAL\nCONSUMO","VALOR\nUNITARTO","VALOR TOTAL\n  CONSUMIDO","VALOR TOTAL\nEXISTENCIA FINAL"]
["ACE CIELO AZUL",null,"LIBRA",190,"o",60,130,{"v":30,"d":"$30.00"},"5  3,900.00","$    1,800.00"]
["JABON DE FREGAR LIQUIDO",null,"UNIDAD",20,"o",18,2,{"v":75,"d":"$75.00"},{"v":75,"d":"$75.00"},"s",{"v":1350,"d":"1,350.00"}]
["BRILLO INOXIDABLE",null,"UNIDAD",38,0,34,4,{"v":12,"d":"$12.00"},"5    48.00","S",{"v":408,"d":"408.00"}]
["BRILLO VERDE",null,"UNIDAD",29,0,25,4,{"v":15,"d":"$15.00"},"5    60.00","S",{"v":375,"d":"375.00"}]
["ESCOBAS",null,"UNIDAD",20,0,9,11,{"v":175,"d":"$175.00"},"5  1,925.00",5,{"v":1575,"d":"1,575.00"}]
["SUAPE",null,"UNIDAD",15,0,8,7,{"v":175,"d":"$175.00"},"3  1225.00",5,{"v":1400,"d":"1,400.00"}]
["PAPEL DE BANO",null,"UNIDAD",183,"o",132,51,".  $15.00","5   765.00",5,{"v":1980,"d":"1,980.00"}]
["FUNDA AZUL",null,"FAQ 1/100",5,0,1,4,{"v":180,"d":"$180.00"},{"v":720,"d":"$ 720.00"},"$     180.00"]
["FUNDA NEGRA PRQ",null,"PAQ 1/100",7,0,2,5,{"v":50,"d":"$50.00"},{"v":250,"d":"$ 250.00"},5,{"v":100,"d":"100.00"}]
["FUNDA NEGRA GRANDE",null,"FAQ 1/100",23,"o",1,22,{"v":180,"d":"$180.00"},"5  3,960.00",5,{"v":180,"d":"180.00"}]
["GUANTES DE(JOMAS par",null,"UNIDAD",32,0,20,12,{"v":265,"d":"$265.00"},{"v":3180,"d":"$ 3,180.00"},5,{"v":5300,"d":"5,300.00"}]
["JABON CANDADO",null,"UNIDAD",115,0,80,35,{"v":10,"d":"$10.00"},{"v":350,"d":"$ 350.00"},"S",{"v":800,"d":"800.00"}]
["CLORO CLOROX",null,"GALONES",129,0,32,97,{"v":100,"d":"$100.00"},"5  9,700.00","$   3,200.00"]
["MISTOLlN",null,"GALONES",93,0,34,59,{"v":100,"d":"$100.00"},{"v":5900,"d":"$ 5,900.00"},"S",{"v":3400,"d":"3,400.00"}]
["LIMPIA INODORO",null,"UNIDAD",20,"0\n0",18,2,{"v":100,"d":"$100.00"},"5   200.00","$    1,800.00"]
["LIMPIA CRISTAL",null,"UNIDAD",14,null,13,1,{"v":100,"d":"$100.00"},{"v":100,"d":"$100.00"},{"v":1300,"d":"$1,300.00"}]
["ESCOBILLA DE BANO",null,"UNIDAD",11,0,6,5,{"v":75,"d":"$75.00"},null,{"v":5450,"d":"5450.00"}]
["FUNDA ROJAS",null,"FAQ 1/ 100",5,0,2,3,{"v":410,"d":"$410.00"},{"v":1230,"d":"$ 1,230.00"},5,{"v":820,"d":"820.00"}]
["DESGRASANTE",null,"UNIDAD",33,0,32,1,{"v":100,"d":"$100.00"},"5   100.00","S",{"v":3200,"d":"3,200.00"}]
["ARDULIN",null,"UNHJAU",21,"(J","LU",1,{"v":165,"d":"$165.00"},">     1u:.w","a","idwuu"]
["BICARBONATO",null,"LIBRA",3,"o",2,1,{"v":71,"d":"$71.00"},"3    71.00",5,{"v":142,"d":"142.00"}]
["JABON LIQUIDO DE LAVAR",null,"GALONES",21,0,20,1,{"v":324,"d":"$324.00"},"5   324.00","S",{"v":6480,"d":"6,480.00"}]
["AMBIENTADORES",null,"UNIDAD",16,"o",14,2,{"v":324,"d":"$324.00"},{"v":648,"d":"$ 648.00"},"$   4,536.00"]
["ZAFACDN ROJO",null,"UNIDAD",3,0,1,2,{"v":925,"d":"$925.00"},{"v":1850,"d":"$ 1,850.00"},"$     925.00"]
["ZAFACON PEQ",null,"UNIDAD",4,0,2,2,{"v":175,"d":"$175.00"},"?   350.00",{"v":350,"d":"$ 350.00"}]
["PAPEL DISPENSADOL CIRCULO",null,"UNIDAD",74,0,0,74,{"v":95,"d":"$95.00"},{"v":7030,"d":"$ 7,030.00"},"$"]
["PAPEL D\\SPENSADOL RE","DM ,,\\","UNiDAD",22,0,21,1,{"v":50,"d":"$50.00"},{"v":60,"d":"$ 60.00"},"S",{"v":1260,"d":"1,260.00"}]

{"sheet":"Table 3","index":2,"n_rows":1,"n_cols":2,"rows_kept":1}
["Mmmm3   ‘ .\nENCARGADA 050 ﬁrNSA","Valor Consumido = S   44,186.00\nValor Total Exist. Final = S      46.6111!)"]